Historia de nuestro tiempo : el mundo entre 1969 y 2000. Volumen II /
Guardado en:
| Autor Principal: | |
|---|---|
| Otros Autores: | |
| Formato: | Libro |
| Idioma: | Undetermined |
| Publicado: |
La Plata :
Ediciones de Periodismo y Comunicación,
2003.
|
| Edición: | 1a. ed. |
| Materias: | |
| Etiquetas: |
Agregar Etiqueta
Sin Etiquetas, Sea el primero en etiquetar este registro!
|
| LEADER | 00567nam a22001695a 4500 | ||
|---|---|---|---|
| 001 | DER.der015148 | ||
| 008 | 250221s2003####xx############000#0#und#d | ||
| 005 | 20250221090342.0 | ||
| 245 | 1 | 0 | |a Historia de nuestro tiempo : |b el mundo entre 1969 y 2000. |p Volumen II / |c Hugo Raúl Satas y Sergio Pujol. |
| 250 | |a 1a. ed. | ||
| 260 | |a La Plata : |b Ediciones de Periodismo y Comunicación, |c 2003. | ||
| 300 | |a 242 p. | ||
| 020 | |a 9503402654 | ||
| 100 | 1 | |a Satas, Hugo Raúl. | |
| 700 | 1 | |a Pujol, Sergio. | |
| 650 | 7 | |a HISTORIA ARGENTINA | |
| 859 | |a DERECHO |b BIB. DERECHO |h 909.82 |i SAT |p 0010549 | ||
